The brown sahebs / (Record no. 139670)

MARC details
000 -LEADER
fixed length control field 00475nam a22001697a 4500
010 ## - LCCN (DPL NO)
LC control number ENG-118092
020 ## - INTERNATIONAL STANDARD BOOK NUMBER
International Standard Book Number 9789380828312
Terms of availability 295.00
035 ## - SYSTEM CONTROL NUMBER
System control number EN-101624
037 ## - SOURCE OF ACQUISITION
Source of stock number/acquisition DBAD/PUB
082 ## - DEWEY DECIMAL CLASSIFICATION NUMBER
Classification number N
100 ## - MAIN ENTRY--PERSONAL NAME
Personal name Srivastava, Anupam
245 ## - TITLE STATEMENT
Title The brown sahebs /
Statement of responsibility, etc by Anupam Srivastava
260 ## - PUBLICATION, DISTRIBUTION, ETC. (IMPRINT)
Place of publication, distribution, etc New Delhi
Name of publisher, distributor, etc Vitasta Publishing
Date of publication, distribution, etc 2015
270 ## - ADDRESS
Address 2/15, Ansari Road, Daryaganj New Delhi - 110002
300 ## - PHYSICAL DESCRIPTION
Extent xvii, 302p.
Dimensions 22cm. (pbk)
942 ## - ADDED ENTRY ELEMENTS (KOHA)
Source of classification or shelving scheme Dewey Decimal Classification
Item type English Books
Classification part N
Call number suffix SRI
Holdings
Withdrawn status Lost status Not for loan Collection code Home library Current library Date acquired Source of acquisition Cost, normal purchase price Full call number Barcode Copy number Cost, replacement price Koha item type
      Fiction Central Library Central Library 09/05/2017 DBAD 295.00 N SRI en-101624 1 295.00 English Books

© Delhi Public Library
Hit Counter
free hit counter